| 000 | 00350nam a2200097Ia 4500 | ||
|---|---|---|---|
| 005 | 20250424112928.0 | ||
| 008 | 250424s9999 xx 000 0 und d | ||
| 300 | _avii. , 132 p. , maps : ill. ; 28 cm. | ||
| 650 | _aSocial sciences--Nigeria--Periodicals. Economic conditions--Nigeria--Periodicals. Social conditions-- Nigeria--Periodicals | ||
| 942 | _cSR | ||
| 999 |
_c37932 _d37932 |
||